| 000 -LEADER |
| fixed length control field |
01980cam a2200325 i 4500 |
| 001 - CONTROL NUMBER |
| control field |
002764619 |
| 003 - CONTROL NUMBER IDENTIFIER |
| control field |
GE_BSU |
| 005 - DATE AND TIME OF LATEST TRANSACTION |
| control field |
20190422191725.0 |
| 008 - FIXED-LENGTH DATA ELEMENTS--GENERAL INFORMATION |
| fixed length control field |
051031s2007 ru r 000 u rus |
| 020 ## - INTERNATIONAL STANDARD BOOK NUMBER |
| International Standard Book Number |
5891239418 (в пер.) |
| 040 ## - CATALOGING SOURCE |
| Original cataloging agency |
RuMoRKP |
| Language of cataloging |
rus |
| Description conventions |
rcr |
| Modifying agency |
RuMoRGB |
| Transcribing agency |
|
| 041 0# - LANGUAGE CODE |
| Language code of text/sound track or separate title |
rus |
| 080 ## - UNIVERSAL DECIMAL CLASSIFICATION NUMBER |
| Universal Decimal Classification number |
340(075.8) |
| 084 ## - OTHER CLASSIFICATION NUMBER |
| Classification number |
Х2(0)я73-1 |
| Number source |
rubbk |
| 100 1# - MAIN ENTRY--PERSONAL NAME |
| Personal name |
Графский, Владимир Георгиевич |
| 9 (RLIN) |
344 |
| 245 00 - TITLE STATEMENT |
| Title |
Всеобщая история права и государства / |
| Remainder of title |
учеб. для вузов : учеб. для студентов вузов, обучающихся по специальности "Юриспруденция" |
| Statement of responsibility, etc. |
В. Г. Графский ; Ин-т государства и права, Рос. акад. наук |
| 250 ## - EDITION STATEMENT |
| Edition statement |
2-е изд., перераб. и доп. |
| 260 ## - PUBLICATION, DISTRIBUTION, ETC. |
| Place of publication, distribution, etc. |
М. |
| Name of publisher, distributor, etc. |
Норма, |
| Date of publication, distribution, etc. |
2007. |
| Place of manufacture |
Н.Новгород |
| Manufacturer |
ФГУИПП Нижполиграф |
| 300 ## - PHYSICAL DESCRIPTION |
| Extent |
737 с. |
| Dimensions |
22 см. |
| 500 ## - GENERAL NOTE |
| General note |
Указ. |
| 504 ## - BIBLIOGRAPHY, ETC. NOTE |
| Bibliography, etc. note |
Библиогр. в конце тем |
| 520 ## - SUMMARY, ETC. |
| Summary, etc. |
Для студентов, аспирантов и преподавателей юридических факультетов, а также читателей, интересующихся прошлой и современной историей права разных народов и стран. |
| 650 #7 - SUBJECT ADDED ENTRY--TOPICAL TERM |
| Topical term or geographic name entry element |
Государство и право. Юридические науки -- Всеобщая история государства и права -- Учебник для высшей школы |
| Source of heading or term |
rubbk |
| 9 (RLIN) |
345 |
| 653 ## - INDEX TERM--UNCONTROLLED |
| Uncontrolled term |
სამართალი |
| 653 ## - INDEX TERM--UNCONTROLLED |
| Uncontrolled term |
სამართლის ზოგადი ისტორია |
| 653 ## - INDEX TERM--UNCONTROLLED |
| Uncontrolled term |
იურიდიული მეცნიერებები |
| 852 ## - LOCATION |
| Former shelving location |
90 |
| 852 ## - LOCATION |
| Former shelving location |
90 |
| 942 ## - ADDED ENTRY ELEMENTS (KOHA) |
| Source of classification or shelving scheme |
|
| Koha item type |
წიგნი |